| 000 | 00770nab a2200241 u 4500 | ||
|---|---|---|---|
| 001 | 10947 | ||
| 003 | HDC | ||
| 007 | cr bn ---aaaaa | ||
| 008 | 210206c mydr|nes 0 a may d | ||
| 040 | _aHDC | ||
| 245 | 0 | _aKarya P. Ramlee turut jadi tarikan MAHA 2012 | |
| 260 |
_aKuala Lumpur : _bUtusan Malaysia, _c2012 |
||
| 336 |
_atext _2rdacontent |
||
| 337 |
_acomputer _2rdamedia |
||
| 338 |
_aonline resource _2rdacarrier |
||
| 650 |
_aAgriculture fair _911183 |
||
| 650 |
_aBook fair _911182 |
||
| 710 | _aUtusan Malaysia | ||
| 856 | _zRequest full-text at [email protected] | ||
| 942 | _2lcc | ||
| 942 | _cNEWS | ||
| 942 | _kNWSC 0000398 | ||
| 999 |
_c8270 _d8270 |
||